| 000 | 01792cam a2200337 i 4500 | ||
|---|---|---|---|
| 003 | SA-RiAUC | ||
| 005 | 20240905144556.0 | ||
| 008 | 240905s1997 mr g b f000r0 ara c | ||
| 020 | _a9981826383 | ||
| 040 |
_aSA-RiIMS _bara _cSA-RiAUC _erda |
||
| 082 | 0 | 4 |
_a253.17 _bو ن ش _qSA-RiAUC |
| 090 |
_a253.17 _bو ن ش |
||
| 100 | 1 |
_aالونشريسي، أحمد بن يحيى بن محمد، _d834-914 هجري _eمؤلف. |
|
| 245 | 1 | 2 |
_aالمنهج الفائق والمنهل الرائق والمعنى اللائق بآداب الموثق وأحكام الوثائق / _cلأبي العباس أحمد بن يحيى بن عبد الواحد الونشريسي ؛ دراسة وتحقيق لطيفة الحسيني. |
| 264 | 1 |
_aالرباط : _bوزارة الأوقاف والشؤون الإسلامية، _c1997 |
|
| 264 | 3 |
_aالمحمدية، المغرب : _bمطبعة فضالة |
|
| 300 |
_a487 صفحة ؛ _c25 سم |
||
| 336 |
_aنص _btxt _2rdacontent _3كتاب |
||
| 337 |
_aبدون وسيط _bn _2rdamedia |
||
| 338 |
_aمجلد _bnc _2rdacarrier |
||
| 500 | _aطبع بأمر من صاحب الجلالة أمير المؤمنين الحسن الثاني نصر الله. | ||
| 500 | _aالأصل أطروحة دبلوم الدراسات العليا في العلوم الإسلامية-دار الحديث الحسنية. | ||
| 504 | _aببليوجرافية : صفحة 463-482. | ||
| 600 | 1 | 7 |
_aالونشريسي، أحمد بن يحيى بن محمد، _d834-914 هجري _2aucnm |
| 650 | 7 |
_aالمعاملات (فقه إسلامي) _2aucsh |
|
| 650 | 7 |
_aالعقود (فقه إسلامي) _2aucsh |
|
| 650 | 7 |
_aالوثائق. _2aucsh |
|
| 700 | 1 |
_aالحسيني، لطيفة _eمحقق. |
|
| 942 |
_2ddc _cBOOK |
||
| 949 |
_aSA-JeALM _d240905 _umohamedma123 _n1 |
||
| 999 |
_c64 _d64 |
||